Outlook and basic policy for the national economy fiscal year 1980
Zapisane w:
| Format: | Książka |
|---|---|
| Język: | Undetermined |
| Wydane: |
Tokyo
Economic Planning Agency Goverment of Japan
1980
|
| Hasła przedmiotowe: | |
| Etykiety: |
Dodaj etykietę
Nie ma etykietki, Dołącz pierwszą etykiete!
|
| Thư viện lưu trữ: | Trung tâm Học liệu Trường Đại học Cần Thơ |
|---|
| LEADER | 00446nam a2200145Ia 4500 | ||
|---|---|---|---|
| 001 | CTU_79456 | ||
| 008 | 210402s9999 xx 000 0 und d | ||
| 082 | |a 338.9 | ||
| 082 | |b O.94 | ||
| 245 | 0 | |a Outlook and basic policy for the national economy fiscal year 1980 | |
| 260 | |a Tokyo | ||
| 260 | |b Economic Planning Agency Goverment of Japan | ||
| 260 | |c 1980 | ||
| 650 | |a Economic policy | ||
| 980 | |a Trung tâm Học liệu Trường Đại học Cần Thơ | ||